[Event "Norway Chess 5th"]
[Site "Stavanger"]
[Date "2017.06.07"]
[Round "2"]
[White "Caruana, Fabiano"]
[Black "Carlsen, Magnus"]
[Result "1/2-1/2"]
[WhiteElo "2808"]
[BlackElo "2832"]
[PlyCount "84"]
[EventDate "2017.06.06"]
[EventType "tourn"]
[EventRounds "9"]
[EventCountry "NOR"]
[EventCategory "22"]
[SourceTitle "CBM 179"]
[Source "ChessBase"]
[SourceDate "2017.07.12"]
[SourceVersion "1"]
[SourceVersionDate "2017.07.12"]
[SourceQuality "1"]

1. e4 e5 2. Nf3 Nc6 3. Bb5 a6 4. Ba4 Nf6 5. O-O Be7 6. Re1 b5 7. Bb3 O-O 8. a4 Bb7 9. d3 d5 10. exd5 Nxd5 11. Nbd2 f6 12. c3 Kh8 13. axb5 axb5 14. Rxa8 Bxa8 15. Ne4 b4 $146 ({RR} 15... g5 16. h3 Nf4 17. d4 f5 18. Nc5 Bxc5 19. Bxf4 gxf4 20. dxc5 Qf6 21. Qd7 e4 22. Nd4 Nxd4 23. cxd4 e3 24. fxe3 Qg5 25. Re2 f3 26. Rf2 Qxe3 27. Qxc7 Qxb3 28. Qe5+ Kg8 29. gxf3 Qd1+ 30. Kh2 {Kushagra,M (2412)-Savchenko,B (2524) Nagpur IND 2023 ½-½ (40)}) ({RR} 15... g5 16. h3 Nf4 17. d4 f5 18. Nc5 Bxc5 19. Bxf4 gxf4 20. dxc5 Qf6 21. Qd7 e4 22. Nd4 Nxd4 23. cxd4 e3 24. fxe3 Qg5 25. Re2 f3 26. Rf2 Qxe3 27. Qxc7 Qxb3 28. Qe5+ Kg8 29. gxf3 Qd1+ 30. Kh2 {Kushagra,M (2412)-Savchenko,B (2524) Nagpur IND 2023 ½-½ (40)}) 16. d4 bxc3 17. bxc3 exd4 18. Nxd4 Nxd4 19. cxd4 Bb4 20. Bd2 Bxd2 21. Qxd2 Re8 22. h3 Nb6 23. Nc5 Bd5 24. Bxd5 Nxd5 25. Ne6 Qd7 26. Nc5 Qf7 27. Re2 Rb8 28. Re1 Re8 29. Re4 Rxe4 30. Nxe4 h6 31. Nc3 Qe6 32. Nxd5 Qxd5 33. Qe3 Kg8 34. Qe8+ Kh7 35. Qe3 c6 36. h4 Kg6 37. Qe8+ Kh7 38. h5 Qxd4 39. Qg6+ Kg8 40. Qe8+ Kh7 41. Qg6+ Kg8 42. Qe8+ Kh7 1/2-1/2

[Event "Norway Chess 5th"]
[Site "Stavanger"]
[Date "2017.06.08"]
[Round "3"]
[White "Carlsen, Magnus"]
[Black "Nakamura, Hikaru"]
[Result "1/2-1/2"]
[WhiteElo "2832"]
[BlackElo "2785"]
[Annotator "Ramirez Alvarez,Alejandro"]
[PlyCount "80"]
[EventDate "2017.06.06"]
[EventType "tourn"]
[EventRounds "9"]
[EventCountry "NOR"]
[EventCategory "22"]
[SourceTitle "CBM 179"]
[Source "ChessBase"]
[SourceDate "2017.07.12"]
[SourceVersion "1"]
[SourceVersionDate "2017.07.12"]
[SourceQuality "1"]

1. e4 c5 2. Nf3 d6 3. d4 cxd4 4. Nxd4 Nf6 5. Nc3 a6 6. h3 g6 {The reason that this move is not very popular is that many consider 6.h3 to be more useful generally than 6...a6 in the normal Dragon. That, however, is truly up for debate.} 7. g3 Nc6 8. Be3 {An example of h3 being useful, normally this runs into ...g4.} Bg7 9. Bg2 O-O 10. O-O Nd7 $146 ({RR} 10... Bd7 11. Nd5 Nxd5 12. exd5 Ne5 13. b3 Bc8 14. Re1 Nd7 15. c4 Nf6 16. Qd2 Bd7 17. a4 a5 18. Re2 Qc8 19. Kh2 Re8 20. Rae1 e5 21. dxe6 fxe6 22. Bg5 e5 23. Nb5 Bxb5 24. axb5 Qc7 25. Bxf6 {Popov,K (2376)-Sahib,S (2438) chess.com INT 2024 1-0 (44)}) ({RR} 10... Bd7 11. Nd5 Nxd5 12. exd5 Ne5 13. b3 Bc8 14. Re1 Nd7 15. c4 Nf6 16. Qd2 Bd7 17. a4 a5 18. Re2 Qc8 19. Kh2 Re8 20. Rae1 e5 21. dxe6 fxe6 22. Bg5 e5 23. Nb5 Bxb5 24. axb5 Qc7 25. Bxf6 {Popov,K (2376)-Sahib,S (2438) chess.com INT 2024 1-0 (44)}) 11. b3 Nxd4 12. Bxd4 Bxd4 13. Qxd4 {Black plays unambitiously, hoping to defend a solid though slightly worse position.} b6 14. Nd5 Bb7 15. c4 e5 {The weakness on d6 is not easy to target, while Black hopes to use the break b5 and the control over the dark squares to create counterplay.} (15... b5 {immediately was also possible.}) 16. Qe3 (16. Qd2 {keeping pressure on d6 rather than on b6, seemed more logical. Black is going to play b5 anyway.}) 16... b5 17. Rac1 bxc4 18. Rxc4 Bxd5 19. exd5 {The eternal fight between the bishop and the knight. In this instance the knight doesn't have many good anchor squares (it will get kicked out of c5 if it goes there), on the other hand the bishop on g2 creates no great impression.} a5 20. Rfc1 Nc5 21. a3 f5 $6 {Black gains space, but truly he simply weakens his position.} (21... a4 {it's strange Nakamura did not go for this option} 22. bxa4 $1 (22. b4 {strategically Black usually does not want to allow this, but after} Nb3 {the knight heads for the d4-square}) 22... Qd7 {and the knight is superb on c5.}) 22. b4 axb4 23. axb4 Nd7 24. Rc6 f4 25. gxf4 $1 {Black has to decide how to lose a pawn.} exf4 (25... Rxf4 26. Rxd6 Qe7 27. Re6 $1 Qxb4 28. d6 $1 {and with the bishop activated Black's position is difficult, but not without resources:} (28. Rc7 {might be more precise}) 28... Ra3 29. Qe2 Qd4 {with counterplay.}) 26. Qe6+ Rf7 27. Qxd6 Qg5 {Again Black finds resources. Thanks to the exchange of the g-pawn, White's king is exposed and Nakamura clings on to this as his hope to battle White's passed pawns.} 28. Kh1 (28. Rc8+ Rxc8 (28... Kg7 29. h4 $1 {doesn't work for Black}) 29. Rxc8+ Kg7 30. Kh1 f3 31. Bf1 {was a better version of the game.}) 28... f3 29. Bf1 Nf6 {The game is certainly sharp. White is up material but his king is weak, and so are his pawns. Black's king isn't particularly safe either, and any move can prove to be a fatal mistake.} 30. Qe6 $6 {Now Nakamura finds strong counterplay.} (30. Qg3 Qxg3 31. fxg3 Ra2 32. b5 Rb2 {is better for White, despite the passed position of the f2-pawn.}) 30... Kg7 {Unpinning the rook is an obvious start.} 31. Rc7 Rxc7 $1 32. Rxc7+ Kh6 $1 {Black's king now hides on h6, where it is much safer than on g8. With the weakness of White's king it is Carlsen who has to be careful.} 33. Qe1 Ra2 34. Re7 Ng4 {Forcing the result.} (34... Qxd5 {and Black isn't in much danger, but he is not better either.}) 35. hxg4 Qh4+ 36. Kg1 Qxg4+ 37. Kh1 Qh4+ 38. Kg1 Qg4+ 39. Kh1 Qh4+ 40. Kg1 Qg4+ 1/2-1/2

[Event "Norway Chess 5th"]
[Site "Stavanger"]
[Date "2017.06.11"]
[Round "5"]
[White "Carlsen, Magnus"]
[Black "Giri, Anish"]
[Result "1/2-1/2"]
[WhiteElo "2832"]
[BlackElo "2771"]
[PlyCount "81"]
[EventDate "2017.06.06"]
[EventType "tourn"]
[EventRounds "9"]
[EventCountry "NOR"]
[EventCategory "22"]
[SourceTitle "CBM 179"]
[Source "ChessBase"]
[SourceDate "2017.07.12"]
[SourceVersion "1"]
[SourceVersionDate "2017.07.12"]
[SourceQuality "1"]

1. e4 {Prathamesh,Sunil Mokal} e5 2. Nf3 Nc6 3. Bc4 Bc5 4. O-O Nf6 5. d3 O-O 6. h3 d6 7. c3 a6 8. a4 Ba7 9. Re1 h6 ({RR} 9... Ne7 10. d4 Ng6 11. Nbd2 c6 ({RR} 11... h6 12. Bb3 Re8 13. Bc2 b5 14. b4 Bb7 15. Bb2 Qd7 16. c4 exd4 17. cxb5 d3 18. Bxd3 Nf4 19. Bf1 Nxe4 20. Nxe4 Bxe4 21. bxa6) 12. Bd3 ({RR} 12. Bf1 Re8 13. dxe5 dxe5 14. Qc2 b5 15. b4 Be6 16. Nb3 Qe7 17. Bd2 h6 18. c4) 12... Re8 ({RR} 12... Nh5) 13. Bc2 h6 14. Nf1 exd4 15. cxd4 c5 16. d5) ({RR} 9... b5 10. Bb3 ({RR} 10. Ba2 b4 11. Bg5 Rb8 12. Nbd2 h6 13. Bh4 Be6 14. Bc4 g5 15. Bg3 Na5 16. Bxe6 fxe6 17. d4) ({RR} 10. axb5 axb5 11. Bxb5 Bxf2+) 10... h6 ({RR} 10... b4 11. a5 Rb8 12. Nbd2 Be6 13. Bc2 h6 14. Nf1 d5 15. exd5 Nxd5) 11. axb5 axb5 12. Be3 Bd7 13. Bxa7 Rxa7 14. Nbd2 Rxa1 15. Qxa1 Nh5 16. Nf1 Qf6) 10. Nbd2 Be6 ({RR} 10... Re8 11. b4 Be6 12. Bxe6 Rxe6 13. Bb2 b5 14. d4 Re8 15. axb5 axb5 16. Qe2 exd4 17. Qxb5 dxc3 18. Bxc3 Ne5 19. Qb7 Bb6 20. Bxe5 dxe5 21. Rxa8 Qxa8 22. Qxa8 Rxa8 23. Nxe5 Bd4 24. Nc6 Bc3 25. Rd1 {Giri,A (2779)-So,W (2754) Zagreb 2019 ½-½ (33)}) 11. b4 ({RR} 11. Bxe6 fxe6 12. b4 ({RR} 12. Nf1 Nh5 13. Be3 a5 14. Bxa7 Rxa7 15. d4 Qf6 16. Re3 Nf4 17. h4 Qg6) 12... Qe8 ({RR} 12... Nh5 13. Ra2 Qf6 14. Nc4 b5 15. Ne3 Bb6 16. Ng4 Qe7 17. Be3 Bxe3 18. fxe3 Rab8 19. axb5 axb5 20. Ra6 Nd8 21. d4) 13. Nf1 Nh5 14. Be3 Bxe3 15. Rxe3 Nf4 16. Rb1 b5 ({RR} 16... Qg6 17. Ng3 Rf7 18. b5 ({RR} 18. d4 Raf8) 18... Na5) 17. Ra1 Qg6 ({RR} 17... d5 18. axb5 ({RR} 18. Qb3 d4) ({RR} 18. d4 exd4 19. Nxd4 Nxd4 20. cxd4 Qg6 21. Ng3 h5) ({RR} 18. Re1 d4 19. cxd4 exd4 20. axb5 axb5 21. Rxa8 ({RR} 21. Qb3 Nxh3+) 21... Qxa8 22. Qb3) 18... axb5 19. Rxa8 Qxa8 20. d4 dxe4 21. Nxe5 Nd5) 18. Ng3 Qf6 19. Ne2 Ng6 20. Qb3 Kh8 21. Rf1 Rab8 22. g3 Qf7 ({RR} 22... Nf4 23. gxf4 ({RR} 23. axb5 axb5 ({RR} 23... Nxe2+ 24. Rxe2 Qxf3 25. Re3 Qh5 26. g4) 24. Nxf4 exf4 25. Ree1) ({RR} 23. Nxf4 exf4 24. Ree1 bxa4 25. Qxa4 ({RR} 25. Qa3 Ne5 26. Nxe5 Qxe5 27. g4 Qb5) 25... fxg3 26. fxg3 Qxc3) 23... Qg6+ ({RR} 23... exf4 24. Nxf4 Qxf4 25. axb5 axb5 26. Qxe6) 24. Kh1 exf4) 23. Nh2 d5 24. Rf3 Qd7 25. axb5 axb5 {Karjakin,S (2773)-So,W (2810) Saint Louis 2017 CBM 180 [Prathamesh,Sunil Mokal] 1-0 (63)}) ({RR} 11. Bxe6 fxe6 12. Nc4 Qe8 13. Be3 Bxe3 14. Rxe3 b5 15. axb5 axb5 16. Ncd2 Rxa1 {½-½ (16) Cirkovic,V (2013)-Todorovic,B (2111) Novi Pazar SRB 2025}) 11... Nh5 $146 ({RR} 11... Ne7 12. Bxe6 fxe6 13. Nf1 Nh5 14. Be3 Bxe3 15. Rxe3 Qe8 16. d4 exd4 17. Nxd4 Nf4 18. Ng3 Neg6 19. Nh5 Ne5 20. Nxf4 Rxf4 21. Qe2 Qg6 22. g3 Rf7 23. Kh2 c5 24. Nf3 Nxf3+ 25. Rxf3 Qh5 26. Kg2 {Albuquerque,W (2204)-Rodi,L (2343) Sao Paulo 2019 0-1}) ({RR} 11... d5 12. exd5 Nxd5 13. Ne4 f5 14. Nc5 Bxc5 15. bxc5 Qf6 16. Bd2 Rae8 17. Rb1 Bf7 18. Rxb7 e4 19. dxe4 fxe4 20. Nh2 Nxc3 21. Bxc3 Qxc3 22. Bxa6 e3 23. fxe3 Rxe3 24. Rxe3 Qxe3+ 25. Kh1 Ne5 26. Rxc7 {Nurkiewicz,M (2380)-Pedersen,N (2417) Krakow 2008 1-0 (40)}) 12. Nf1 Qf6 13. Ne3 Bxc4 14. Nxc4 Nf4 15. Be3 Bxe3 16. fxe3 Ng6 17. b5 axb5 18. axb5 Nce7 19. Qb3 d5 20. Rxa8 Rxa8 21. Ncd2 c6 22. d4 Qd6 23. Qb2 dxe4 24. Nxe4 Qd5 25. Ned2 cxb5 26. e4 Qc6 27. Kh1 Rc8 28. d5 Qxc3 29. Qxb5 Qc7 30. Rb1 f5 31. Qb4 fxe4 32. d6 Nd5 33. dxc7 Nxb4 34. Rxb4 exf3 35. Rxb7 f2 36. g3 Kh7 37. Kg2 Ne7 38. Kxf2 Nd5 39. Nc4 Rxc7 40. Rxc7 Nxc7 41. Nxe5 1/2-1/2

[Event "Norway Chess 5th"]
[Site "Stavanger"]
[Date "2017.06.14"]
[Round "7"]
[White "Kramnik, Vladimir"]
[Black "Carlsen, Magnus"]
[Result "1-0"]
[WhiteElo "2808"]
[BlackElo "2832"]
[PlyCount "79"]
[EventDate "2017.06.06"]
[EventType "tourn"]
[EventRounds "9"]
[EventCountry "NOR"]
[EventCategory "22"]
[SourceTitle "CBM 179"]
[Source "ChessBase"]
[SourceDate "2017.07.12"]
[SourceVersion "1"]
[SourceVersionDate "2017.07.12"]
[SourceQuality "1"]

1. e4 e5 2. Nf3 Nc6 3. Bc4 Bc5 4. c3 Nf6 5. d3 d6 6. O-O a6 7. Re1 Ba7 8. a4 O-O 9. h3 Ne7 10. d4 Ng6 11. Nbd2 c6 12. Bd3 ({RR} 12. Bb3 exd4 13. cxd4 d5 14. e5 Nh5 15. Nf1 Nhf4 16. Bxf4 Nxf4 17. Qd2 Ne6 18. Bc2 f6 19. N1h2 f5 20. Nf1 Bd7 21. Ng3 g6 22. Ne2 f4 23. Ra3 Kg7 24. b4 Qe7 25. Rb3 Bb6 26. Reb1 Bc7 {Zhou,Y (2425)-Vocaturo,D (2600) Eforie Nord ROU 2025 ½-½ (75)}) 12... Re8 13. Bc2 h6 14. Nf1 exd4 $146 ({RR} 14... d5 15. exd5 Qxd5 16. Bxg6 fxg6 17. Rxe5 Rxe5 18. Nxe5 Bf5 19. Ne3 Qe6 20. Nxf5 Qxf5 21. Qb3+ Kh7 22. Qxb7 Ne4 23. Be3 Qf8 24. Qxc6 Nf6 25. Re1 Rb8 26. b4 Rb6 27. Qc7 Qa8 28. Qf7 Rb7 29. Qxg6+ {Vivas Zamora,F (2346)-Cardenas Carbajal,N (2126) chess.com INT 2023 1-0}) ({RR} 14... Nh5 15. Be3 Nhf4 16. Ng3 Qf6 17. a5 Nh4 18. Nxh4 Qxh4 19. dxe5 Bxe3 20. Rxe3 dxe5 21. Nf5 Bxf5 22. exf5 Rad8 23. Qe1 Qg5 24. g3 Nh5 25. h4 Qe7 26. Qe2 Nf6 27. Re1 Rd5 28. b4 Qd7 29. Qf3 {Hou,Y (2658)-Khademalsharieh,S (2494) Chess.com INT 2020 1-0 (55)}) 15. cxd4 c5 16. d5 b5 17. axb5 axb5 18. Ng3 Bd7 19. Be3 Bb6 20. Rxa8 Qxa8 21. b4 Qa7 22. Qa1 Qc7 23. Bxh6 cxb4 24. Bxg7 Qxc2 25. Qxf6 Qxf2+ 26. Kh2 Bd8 27. Qxd6 Nh4 28. Nxh4 Bxh4 29. Nh5 Bxh3 30. Rg1 Bg5 31. Bf6 Bg4 32. Bxg5 Bxh5 33. Qh6 Rxe4 34. Qxh5 Qf5 35. Qh6 b3 36. Bf6 Qf4+ 37. Qxf4 Rxf4 38. d6 Rxf6 39. Rd1 Rh6+ 40. Kg1 1-0

[Event "Norway Chess 5th"]
[Site "Stavanger"]
[Date "2017.06.16"]
[Round "9"]
[White "Anand, Viswanathan"]
[Black "Carlsen, Magnus"]
[Result "1/2-1/2"]
[WhiteElo "2786"]
[BlackElo "2832"]
[Annotator "Yermolinsky,Alex "]
[PlyCount "67"]
[EventDate "2017.06.06"]
[EventType "tourn"]
[EventRounds "9"]
[EventCountry "NOR"]
[EventCategory "22"]
[SourceTitle "CBM 179"]
[Source "ChessBase"]
[SourceDate "2017.07.12"]
[SourceVersion "1"]
[SourceVersionDate "2017.07.12"]
[SourceQuality "1"]

1. e4 e5 2. Nf3 Nc6 3. Bc4 Bc5 4. c3 Nf6 5. d3 d6 6. O-O a6 7. a4 Ba7 8. Re1 O-O 9. h3 h6 10. Nbd2 Be6 11. Bxe6 fxe6 12. b4 Nh5 13. Ra2 ({RR} 13. Nf1 Qf6 14. Ra2 Nf4 15. Bxf4 Qxf4 16. Ne3 Ne7 17. Nh2 Qf7 18. g3 Rad8 19. Kg2 d5 20. Neg4 Ng6 21. Nf3 c5 22. bxc5 Qc7 23. d4 dxe4 24. Nfxe5 Nxe5 25. Nxe5 Bxc5 26. Rxe4 Bd6 27. Qg4 Bxe5 {Vachier Lagrave,M (2780)-Kramnik,V (2753) Moscow 2019 ½-½ (44)}) ({RR} 13. Nf1 Qf6 14. Ra2 Nf4 15. Bxf4 Qxf4 16. Qb3 Qf7 17. a5 Ne7 18. N1h2 Ng6 19. g3 c6 20. Kg2 Rad8 21. h4 Qf6 22. Qd1 Rfe8 23. Ng4 Qf7 24. h5 Nf8 25. Nh4 Nd7 26. Ng6 Nf6 27. Rd2 Bb8 {Trubini,T (1922)-Artan,T (2054) Biel SUI 2025 0-1 (49)}) 13... Qf6 ({RR} 13... Nf4 14. Nc4 b5 15. Bxf4 bxc4 16. Be3 Bxe3 17. Rxe3 cxd3 18. Qxd3 Ne7 19. c4 Qb8 20. Qd2 Qb7 21. Ne1 Rad8 22. b5 Ng6 23. Nd3 axb5 24. cxb5 Ra8 25. Nb4 Nf4 26. Nc6 Kh7 27. Kh2 Rf6 28. g3 {Anand,V (2756)-Kramnik,V (2753) Amsterdam 2019 1-0 (44)}) 14. Nc4 {This Italian Giuoco Piano/Anti-Berlin Ruy Lopez is a staple of top level chess these days. Between the two of them Anand and Carlsen must have played it a hundred times, including many battles against one another.} b5 $146 {I don't particularly like this move and I suspect Magnus didn't much fancy it either.} ({The thing is, the normal} 14... Ne7 {allows} 15. d4 $1 {and even if Black can hold his own after} exd4 16. cxd4 Ng6 17. e5 $1 Qf5 {which is not a fact yet, the position after} 18. exd6 Qd5 19. Rc2 cxd6 {offers White a chance to wrap it up with repetition:} 20. Ne3 Qe4 21. Nc4) ({RR} 14... Ne7 15. d4 Ng6 16. dxe5 dxe5 17. Ne3 Rad8 18. Ng4 Qe7 19. Rd2 Rd6 20. c4 a5 21. bxa5 Nhf4 22. Qb3 h5 23. Ngh2 Qf6 24. Qxb7 Nxg2 25. Kxg2 Nh4+ 26. Nxh4 Rxd2 27. Bxd2 Qxf2+ 28. Kh1 Qxd2 29. N4f3 {Schlegel,I (2289)-Costa,L (2373) Rosenheim GER 2023 1-0 (41)}) ({RR} 14... Nf4 15. b5 Nd8 16. Bxf4 Qxf4 17. b6 Bxb6 18. Nxb6 cxb6 19. Qb3 Rc8 20. Qxb6 Rc6 21. Qb3 Qf7 22. Rb2 Qc7 23. Rc1 Rc5 24. Nd2 b5 25. axb5 Rxb5 26. Qa2 Qb6 27. Nc4 Rxb2 28. Qxb2 Qxb2 29. Nxb2 {Vovk,A (2618)-Amin,B (2699) Douglas 2019 ½-½ (34)}) 15. Ne3 ({White has to be slightly careful not to walk into} 15. axb5 axb5 16. Ne3 $2 Bxe3 17. Rxa8 Bxf2+) 15... Bb6 16. Ng4 Qe7 17. Be3 Bxe3 18. fxe3 {In the resulting symmetrical structure White holds two advantages: pressure against b5 and better posts for his knights. Granted, it's not much yet, but White's prospects look much brighter.} Rab8 {Concession no.1} 19. axb5 axb5 20. Ra6 Nd8 {Concession no.2 of the same} 21. d4 exd4 22. cxd4 Nf7 23. Qc2 $2 {Not a bad move in itself, but I mark it down for a missed opportunity.} (23. e5 $1 Ng3 24. Qc2 Nf5 (24... Ng5 {offers no compensation whatsoever:} 25. Nxg5 Qxg5 26. exd6 cxd6 27. Rxd6 h5 28. Ne5 $16) 25. e4 Ng3 (25... Nh4 26. Nf6+ gxf6 27. Nxh4 Kg7 28. exd6 cxd6 29. d5 {is disastrous for Black.}) 26. Rc6 {would put Magnus on the ropes yet again. We are used to his indifference to playing for an opening advantage with White because we know of his ability to win from equal positions. Getting in trouble with Black, as consistently happened to Carlsen in this tournament, is another kettle of fish.}) 23... Nf6 $1 {At the last moment the hapless knight escapes.} 24. Nxf6+ Qxf6 25. Rc6 Ng5 $1 {Now Carlsen has a clear path to counterplay.} 26. Nxg5 Qxg5 27. Rxc7 Qg3 $1 28. Qe2 ({Still,} 28. Re2 Ra8 29. Qc1 Ra4 30. Qe1 {was worth trying.}) 28... Ra8 29. Rcc1 Ra3 30. Ra1 Rb3 31. Rab1 Ra3 32. Ra1 Rb3 33. Rab1 Ra3 34. Ra1 1/2-1/2

[Event "Sinquefield Cup 5th"]
[Site "Saint Louis"]
[Date "2017.08.02"]
[Round "1"]
[White "Caruana, Fabiano"]
[Black "Carlsen, Magnus"]
[Result "1/2-1/2"]
[WhiteElo "2807"]
[BlackElo "2822"]
[PlyCount "85"]
[EventDate "2017.08.02"]
[EventType "tourn"]
[EventRounds "9"]
[EventCountry "USA"]
[EventCategory "22"]
[SourceTitle "CBM 180"]
[Source "ChessBase"]
[SourceDate "2017.09.13"]
[SourceVersion "1"]
[SourceVersionDate "2017.09.13"]
[SourceQuality "1"]

1. e4 e5 2. Nf3 Nc6 3. Bb5 a6 4. Ba4 Nf6 5. O-O Be7 6. d3 b5 7. Bb3 d6 8. a4 b4 9. a5 O-O 10. Nbd2 Rb8 11. Re1 Be6 12. Bxe6 fxe6 13. Nb3 Qc8 14. Qe2 Nd8 15. d4 exd4 16. Nbxd4 c5 17. Nb3 e5 $146 ({RR} 17... Nd7 18. Bg5 Bxg5 19. Nxg5 Ne5 20. Red1 h6 21. Nh3 c4 22. Nd4 Qc5 23. b3 Rc8 24. Kh1 Nec6 25. Nxc6 Rxc6 26. Qxc4 Qxc4 27. bxc4 Nb7 28. Ra4 Rxc4 29. c3 Rxe4 30. Rxb4 Rxb4 31. cxb4 Rf5 32. Rc1 {Salomon,J (2115)-Urkedal,F (2470) Fagernes 2013 ½-½ (60)}) 18. Nbd2 Ne6 19. Nc4 Nd4 20. Nxd4 cxd4 21. Nb6 Qc6 22. Bg5 Bd8 23. Bxf6 Bxb6 24. axb6 Rxf6 25. Rxa6 h6 26. Qd3 Rxb6 27. Rea1 Rxa6 28. Rxa6 Qc5 29. Ra8+ Kh7 30. h3 b3 31. Qxb3 d3 32. cxd3 Qxf2+ 33. Kh2 Qf4+ 34. Kh1 Qc1+ 35. Kh2 Qf4+ 36. Kh1 Qg3 37. Qg8+ Kg6 38. Rf8 Qxd3 39. Rxf6+ Kxf6 40. Qf8+ Ke6 41. Qe8+ Kf6 42. Qf8+ Ke6 43. Qe8+ 1/2-1/2

[Event "Sinquefield Cup 5th"]
[Site "Saint Louis"]
[Date "2017.08.04"]
[Round "3"]
[White "Anand, Viswanathan"]
[Black "Carlsen, Magnus"]
[Result "1/2-1/2"]
[WhiteElo "2783"]
[BlackElo "2822"]
[PlyCount "131"]
[EventDate "2017.08.02"]
[EventType "tourn"]
[EventRounds "9"]
[EventCountry "USA"]
[EventCategory "22"]
[SourceTitle "CBM 180"]
[Source "ChessBase"]
[SourceDate "2017.09.13"]
[SourceVersion "1"]
[SourceVersionDate "2017.09.13"]
[SourceQuality "1"]

1. e4 e5 2. Nf3 Nc6 3. Bb5 a6 4. Ba4 Nf6 5. O-O b5 6. Bb3 Bc5 7. Nc3 O-O 8. d3 d6 9. Nd5 h6 10. c3 ({RR} 10. a4 Rb8 11. axb5 axb5 12. Be3 Nxd5 13. exd5 Bxe3 14. fxe3 Ne7 15. e4 Ng6 16. Qd2 f5 17. Ra7 fxe4 18. dxe4 Bg4 19. Qe3 Bxf3 20. Rxf3 Rxf3 21. Qxf3 Qg5 22. Ra1 Rf8 23. Qg3 Qd2 24. Qe1 Qd4+ {Dominguez Perez,L (2732)-Ding,L (2766) Huaian 2016 0-1 (38)}) ({RR} 10. a4 b4 11. a5 Bg4 12. c3 bxc3 13. bxc3 Rb8 14. Bc4 Nxd5 15. exd5 Ne7 16. h3 Bc8 17. d4 exd4 18. Nxd4 Bb7 19. Qg4 Ng6 20. Nc6 Bxc6 21. dxc6 Ne5 22. Qe2 Nxc4 23. Qxc4 Rb5 24. Qg4 Qf6) 10... Rb8 ({RR} 10... Re8 11. a4 ({RR} 11. Nxf6+ Qxf6 12. Bd5 Bb7 13. a4 Bb6 14. axb5 axb5 15. Rxa8 Bxa8 16. Qb3 Na7 17. Be3 Bxd5 18. Qxd5 c6 19. Qa2 Qd8 20. Qa6 Nc8 21. Qb7 Qc7 22. Qxc7 Bxc7 23. Ra1 Bb6 24. Bxb6 Nxb6 25. Ra6 Rb8) ({RR} 11. d4 Ba7 12. Re1 Rb8 13. a4 b4 14. a5 exd4 15. cxd4 Nxd5 16. Bxd5 Ne7 17. Bc4 Bg4 18. Bxa6 Nc6 19. Be3 Qf6 20. Rc1 Nxa5 21. Be2 Bb6 22. h3 Bxf3 23. Bxf3 Rbd8 24. Qa4 c6 25. Qxb4 Rb8) 11... Bb7 12. Be3 Na5 13. Nxf6+ Qxf6 14. Ba2 Bb6 15. b4 Nc6 16. Bd5 Rab8 17. a5 Bxe3 18. fxe3 Nd8 19. Bb3 Bc8 20. Qe1 Be6 21. Bd5 c6 22. Bxe6 fxe6 23. d4 Qg6 24. dxe5 dxe5 25. Nxe5 {Das,S (2435)-Orfila,K (2194) Annemasse FRA 2025 1-0}) 11. Re1 $146 ({RR} 11. a4 Nxd5 12. exd5 Ne7 13. axb5 axb5 14. d4 exd4 15. Nxd4 Bd7 16. Be3 Nf5 17. Nxf5 Bxf5 18. Re1 Re8 19. Qd2 Qf6 20. h3 Qg6 21. Kh2 h5 22. Bxc5 dxc5 23. Qf4 c4 24. Rxe8+ Rxe8 25. Bd1 Be4 {Zarubitski,V (2442)-Aleksandrov,A (2593) Minsk 2020 1-0 (69)}) ({RR} 11. d4 Ba7 12. Be3 Ng4 13. dxe5 Nxe3 14. Nxe3 dxe5 15. Qxd8 Rxd8 16. Nd5 Rb7 17. Nb4 Nxb4 18. Nxe5 c5 19. cxb4 c4 20. Nc6 Rd2 21. Rad1 Rxb2 22. Rd8+ Kh7 23. Rxc8 cxb3 24. axb3 Bb6 25. Rb8 Rxb8 {Sargsyan,S (2472)-Harutyunian,T (2504) Yerevan 2018 ½-½ (35)}) 11... Ba7 12. Be3 Bxe3 13. Nxe3 Re8 14. a4 b4 15. a5 bxc3 16. bxc3 Be6 17. Bxe6 Rxe6 18. Nd5 Ne7 19. Nxf6+ Rxf6 20. d4 Ng6 21. g3 Qc8 22. Re3 Rb5 23. Nd2 h5 24. h4 Qh3 25. Qf1 Qg4 26. Qe2 Qxe2 27. Rxe2 Re6 28. Nf1 Nf8 29. Rc2 exd4 30. cxd4 c5 31. dxc5 dxc5 32. Nd2 Rd6 33. Nc4 Rd4 34. Kg2 Ne6 35. Ra3 g6 36. Nd2 Kg7 37. Rac3 Rdb4 38. Ra2 Rd4 39. Rac2 Ra4 40. Nb3 Rxb3 41. Rxb3 Nd4 42. Rcb2 Nxb3 43. Rxb3 Rxe4 44. Rb6 Re6 45. Rb7 c4 46. Rc7 Re5 47. Rxc4 Rxa5 48. Rc6 Ra2 49. Kf3 a5 50. Ra6 a4 51. Ke3 a3 52. Kf3 f6 53. Ra7+ Kf8 54. Kg2 Ra1 55. Kf3 Ke8 56. Ra6 Ke7 57. Kg2 Kf7 58. Kf3 Ra2 59. Kg2 g5 60. g4 gxh4 61. gxh5 Ra1 62. Ra7+ Kg8 63. h6 Kh8 64. Kh2 f5 65. f4 a2 66. Kg2 1/2-1/2